| 000 | 00988cad a22001935a 4500 | ||
|---|---|---|---|
| 001 | E149884 | ||
| 008 | 100512s2010 xxk f 000 0 eng d | ||
| 035 | _a(Sirsi) u149884 | ||
| 041 | 0 | _aeng | |
| 110 | 2 |
_aHome Builders Federation _94896 |
|
| 245 | 0 | 0 |
_aNew home customer satisfaction _bHBF national new home customer satisfaction survey _h[electronic resource] |
| 260 |
_a[S.l.] _bHBF _c2010 |
||
| 520 | _aThis year's HBF Customer Satisfaction Survey shows an increase in satisfaction, with almost 9 out of 10 (88%) of buyers from October 2008 to September 2009 being satisfied with the overall quality of their home, and 88% saying they would recommend their home builder to a friend. | ||
| 590 | _aKA NTK | ||
| 651 | 4 |
_aUnited Kingdom _y |
|
| 690 | _aPROPERTY-RESIDENTIAL PROPERTY-RESIDENTIAL PROPERTY DEVELOPMENT | ||
| 856 | 4 | 0 |
_uhttps://www.hbf.co.uk/fileadmin/documents/barker/Cust_Satisfaction_2010_print_ready.pdf _zView the survey free of charge at www.hbf.co.uk |
| 942 | _n0 | ||
| 999 |
_c110664 _d110664 |
||